| 000 | 00866nam a2200229 a 4500 | ||
|---|---|---|---|
| 003 | PILC | ||
| 005 | 20160204075937.0 | ||
| 008 | 051013s ph 000 0 eng d | ||
| 020 | _a9719307110 | ||
| 050 | 0 | 0 |
_aHV 40.8.P7 _b.F44 1999 |
| 100 | 1 | _aFelizmeƱa, Amelia Delda. | |
| 245 | 1 | 0 |
_aWomen power in social welfare & development / _cAmelia Delda FelizmeƱa. |
| 250 | _aRevised edition. | ||
| 260 |
_aQuezon City : _bDept. of Social Welfare and Development, _c1999. |
||
| 300 |
_a151 pages : _billustrations ; _c23 cm. |
||
| 500 | _aCover title: Women power in social welfare & development. | ||
| 500 | _aIncludes indexes. | ||
| 650 | 0 |
_aWomen social workers _zPhilippines _xHistory _y20th century. |
|
| 650 | 0 |
_aSocial service _zPhilippines _xHistory _y20th century. |
|
| 710 | 1 |
_aPhilippines. _bDept. of Social Welfare and Development. |
|
| 942 |
_2lcc _cBK _kFIL |
||
| 999 |
_c290463 _d290463 |
||